000 00598nam a2200157 a 4500
001 000038322
005 20201002031229.0
008 130408s2002 dr 000 0 spa d
040 _aDO-SdBNP
_bspa
_cBNPHU
100 1 _aGonzález Buelta, Benjamin
_96606
245 1 0 _aOrar en un mundo roto :
_btiempo de transformación /
_cBenjamin González Buelta.
260 _aSanto Domingo :
_bAmigo del Hogar ; presentación José María Fernández Martos,
_c2002.
300 _a240 p. ;
_c22 cm.
500 _aIncuye datos biográficos del autor en la solapa
700 1 _aJosé María Fernández Martos
_964684
999 _c37812
_d37812